| 000 | 00525nam a2200133Ia 4500 | ||
|---|---|---|---|
| 008 | 150223s9999 xx 000 0 und d | ||
| 020 | _a1577489853 | ||
| 050 |
_aBS 440 _b.D637 2000 |
||
| 100 | _aDockrey, Karen et. al. | ||
| 245 | 4 |
_aThe student bible dictionary : _ba complete learning system to help you understand words, people, places, and events of the Bible / _cKaren Dockrey et. al. |
|
| 250 | _a2000 Ed. | ||
| 260 |
_aUhrichsville : _bBarbour Publishing, _c2000 |
||
| 300 |
_a256 pages : _bColored, Illustration ; _c23 cm. |
||
| 999 |
_c283332 _d283332 |
||